[Event "Mitropa Cup 08th"]
[Site "Lienz"]
[Date "1983.10.28"]
[Round "6.3"]
[White "Dizdar, Goran"]
[Black "Werner, Clemens"]
[Result "1-0"]
[WhiteElo "2450"]
[BlackElo "2340"]
[PlyCount "55"]
[EventDate "1983.10.22"]
[EventType "team-tourn"]
[EventRounds "6"]
[EventCountry "AUT"]
[Source "ChessBase"]
[SourceDate "2002.11.25"]

1. d4 g6 2. Nf3 Bg7 3. e4 d6 4. Bc4 Nf6 5. Nbd2 O-O 6. O-O Nxe4 7. Nxe4 d5 8.
Bd3 dxe4 9. Bxe4 Nd7 10. Bg5 h6 11. Bh4 g5 12. Bg3 c5 13. c3 Qb6 14. Bc2 Rd8
15. Re1 e6 16. h4 g4 17. dxc5 Nxc5 18. Nd4 Qxb2 19. Qxg4 Nd7 20. Rad1 Nf6 21.
Qe2 Qb6 22. Be5 Rd5 23. Bb3 Rxe5 24. Qxe5 Bd7 25. Rd3 Nd5 26. Rg3 f6 27. Qxd5
exd5 28. Re7 1-0

[Event "Mitropa Cup 08th"]
[Site "Lienz"]
[Date "1983.10.28"]
[Round "6.4"]
[White "Cladouras, Panagiotis"]
[Black "Barlov, Dragan"]
[Result "0-1"]
[WhiteElo "2290"]
[BlackElo "2385"]
[Annotator "Barlov"]
[PlyCount "82"]
[EventDate "1983.10.22"]
[EventType "team-tourn"]
[EventRounds "6"]
[EventCountry "AUT"]
[Source "ChessBase"]
[SourceDate "2002.11.25"]

1. e4 c5 2. Nf3 e6 3. d4 cxd4 4. Nxd4 Nc6 5. Nc3 Qc7 6. g3 a6 7. Bg2 Nf6 8. O-O
Be7 9. a4 $6 ({Besser war} 9. Re1 Nxd4 10. Qxd4 Bc5 11. Bf4 d6 12. Qd1 $1 {mit
etwas besserem Spiel für Weiss.}) 9... O-O 10. Nde2 b6 $1 11. h3 Bb7 12. Bf4 d6
13. g4 {Zu riskant, aber der Zug ist im Geiste der gewählten Variante.} Nd7 14.
Bg3 Nb4 {So rächt sich der Zug 9. a4?! - das Feld b4 ist gänzlich geschwächt.}
15. f4 Rfd8 16. Kh2 Rac8 17. Rf2 e5 18. g5 ({Falls} 18. f5 {,so} d5 {und
Schwarz steht besser.}) 18... exf4 19. Nxf4 Bxg5 20. Nh5 Ne5 21. Bxe5 dxe5 22.
Qg4 {Dies sieht gefährlich aus, aber Schwarz hat eine tief durchdachte
Verteidigung zur Verfügung.} Bh6 23. Raf1 Rf8 24. Nd5 ({Auf} 24. Rf6 {würde} g6
{folgen}) ({und auf} 24. Nf6+ Kh8 25. Nd7 {aber} Bf4+ {nebst f7-f5! mit
Gewinnstellung für Schwarz gesehehen.}) 24... Bxd5 $1 25. exd5 e4+ 26. Kh1 Nxd5
27. Re2 f5 28. Rxf5 Ne3 29. Rxf8+ Rxf8 30. Qxe4 g6 $1 {Die Pointe der
Verteidigung - mit Tempo wird ein Stützpunkt für den Springer gesichert.} 31.
Qe6+ Kh8 32. Nf6 Nf5 33. Ne4 Nd4 {Gewinnt die Qualität und damit ist die
Entscheidung gefallen. Der Lohn für eine präzise Verteidigung. Es folgt noch:}
34. Qg4 Nxe2 35. Qxe2 a5 36. Nc3 Qf4 37. Nd5 Qc1+ 38. Kh2 Bf4+ 39. Nxf4 Qxf4+
40. Kg1 Qd4+ 41. Kh1 Qxb2 0-1

[Event "Mitropa Cup 08th"]
[Site "Lienz"]
[Date "1983.10.28"]
[Round "6.4"]
[White "Klinger, Josef"]
[Black "Meinsohn, Francis"]
[Result "1/2-1/2"]
[WhiteElo "2275"]
[BlackElo "2260"]
[PlyCount "88"]
[EventDate "1983.10.22"]
[EventType "team-tourn"]
[EventRounds "6"]
[EventCountry "AUT"]
[Source "ChessBase"]
[SourceDate "2002.11.25"]

1. e4 c5 2. Nf3 e6 3. d4 cxd4 4. Nxd4 a6 5. Nc3 Nc6 6. Be2 Nge7 7. Bf4 Ng6 8.
Bg3 Be7 9. O-O O-O 10. Qd2 Qb6 11. Nb3 d6 12. Kh1 Rd8 13. a4 Na5 14. Nxa5 Qxa5
15. Rfd1 b6 16. Nd5 Qxd2 17. Nxe7+ Nxe7 18. Rxd2 Bb7 19. Rxd6 Bxe4 20. Rxb6
Bxc2 21. Rxa6 Rxa6 22. Bxa6 Bxa4 23. h3 Rd1+ 24. Rxd1 Bxd1 25. b4 Nd5 26. Bd6
Nc3 27. f3 Ba4 28. Kg1 f6 29. Kf2 Kf7 30. Ke3 Ke8 31. Kd4 Kd7 32. Bf8 Nd5 33.
Kc5 g5 34. Bd6 Nxb4 35. Kxb4 Kxd6 36. Kxa4 Ke5 37. g3 h5 38. Kb4 h4 39. gxh4
gxh4 40. Kc5 Kf4 41. Bb7 f5 42. Kd4 e5+ 43. Kd3 Kg3 44. Bc8 Kxf3 1/2-1/2

[Event "Mitropa Cup 08th"]
[Site "Lienz"]
[Date "1983.10.29"]
[Round "7.1"]
[White "Kindermann, Stefan"]
[Black "Hug, Werner"]
[Result "1/2-1/2"]
[WhiteElo "2500"]
[BlackElo "2440"]
[PlyCount "26"]
[EventDate "1983.10.22"]
[EventType "team-tourn"]
[EventRounds "6"]
[EventCountry "AUT"]
[Source "ChessBase"]
[SourceDate "2002.11.25"]

1. c4 g6 2. g3 Bg7 3. Bg2 d6 4. Nc3 Nf6 5. Nf3 O-O 6. O-O c6 7. d3 Nbd7 8. Rb1
a5 9. a3 e5 10. b4 axb4 11. axb4 Qc7 12. b5 Nc5 13. Be3 Re8 1/2-1/2

[Event "Mitropa Cup 08th"]
[Site "Lienz"]
[Date "1983.10.29"]
[Round "7.1"]
[White "Stull, Norbert"]
[Black "Manouck, Thierry"]
[Result "0-1"]
[WhiteElo "2250"]
[BlackElo "2335"]
[PlyCount "74"]
[EventDate "1983.10.22"]
[EventType "team-tourn"]
[EventRounds "6"]
[EventCountry "AUT"]
[Source "ChessBase"]
[SourceDate "2002.11.25"]

1. c4 c5 2. Nf3 b6 3. g3 Bb7 4. Bg2 Nf6 5. O-O e6 6. Nc3 Be7 7. d4 cxd4 8. Qxd4
O-O 9. b3 d6 10. Rd1 Nbd7 11. Bb2 a6 12. Qd2 Qc7 13. Nd4 Bxg2 14. Kxg2 Qb7+ 15.
f3 Rfe8 16. e4 Bf8 17. Nc2 b5 18. Ne3 Nc5 19. Qf2 Be7 20. Rd2 Rec8 21. Rad1 Rc7
22. cxb5 axb5 23. b4 Na6 24. a3 Rac8 25. Ne2 Nd7 26. Nd4 Ne5 27. Nb3 Nc4 28.
Nxc4 bxc4 29. Na5 Qb5 30. Bc3 Rd7 31. f4 Nc7 32. Qd4 Ne8 33. a4 Qxa4 34. Nxc4
Bf6 35. e5 Qc6+ 36. Kg1 Qxc4 37. exf6 Qxc3 0-1

[Event "Mitropa Cup 08th"]
[Site "Lienz"]
[Date "1983.10.29"]
[Round "7.1"]
[White "Wittmann, Walter"]
[Black "Djuric, Stefan"]
[Result "1/2-1/2"]
[WhiteElo "2435"]
[BlackElo "2500"]
[PlyCount "79"]
[EventDate "1983.10.22"]
[EventType "team-tourn"]
[EventRounds "6"]
[EventCountry "AUT"]
[Source "ChessBase"]
[SourceDate "2002.11.25"]

1. e4 e5 2. Nf3 Nc6 3. Bb5 a6 4. Ba4 Nf6 5. d4 exd4 6. O-O Be7 7. e5 Ne4 8.
Nxd4 O-O 9. Nf5 d5 10. Bxc6 bxc6 11. Nxe7+ Qxe7 12. Re1 Bf5 13. f3 Nc5 14. b3
f6 15. Bb2 Rae8 16. Nd2 Nd7 17. exf6 Qc5+ 18. Kh1 Bxc2 19. Qc1 Nxf6 20. Nf1
Rxe1 21. Qxe1 Re8 22. Qd2 Bg6 23. Rc1 Qd6 24. Bd4 Nd7 25. b4 Nf8 26. Re1 Rxe1
27. Qxe1 Ne6 28. Qe3 a5 29. bxa5 c5 30. Bb2 Qa6 31. Kg1 Kf7 32. Qe5 d4 33. Qd5
Qe2 34. h4 Qe1 35. Qd7+ Kf6 36. Qb5 Qd1 37. Qb3 Qe1 38. Qb5 Qd1 39. Qb3 Qe1 40.
Qb5 1/2-1/2

[Event "Mitropa Cup 08th"]
[Site "Lienz"]
[Date "1983.10.29"]
[Round "7.2"]
[White "Cebalo, Miso"]
[Black "Hoelzl, Franz"]
[Result "1-0"]
[WhiteElo "2475"]
[BlackElo "2355"]
[PlyCount "65"]
[EventDate "1983.10.22"]
[EventType "team-tourn"]
[EventRounds "6"]
[EventCountry "AUT"]
[Source "ChessBase"]
[SourceDate "2002.11.25"]

1. d4 Nf6 2. c4 g6 3. Nc3 d5 4. cxd5 Nxd5 5. e4 Nxc3 6. bxc3 Bg7 7. Nf3 c5 8.
Rb1 O-O 9. Be2 Nc6 10. d5 Ne5 11. Nxe5 Bxe5 12. Qd2 e6 13. f4 Bg7 14. c4 Re8
15. e5 f6 16. d6 fxe5 17. Bb2 exf4 18. Bxg7 Kxg7 19. O-O Rf8 20. Rxf4 Rxf4 21.
Qxf4 Qf6 22. Qe3 b6 23. Kh1 Kg8 24. Rf1 Qg7 25. Bg4 Kh8 26. Bxe6 Bxe6 27. Qxe6
Qd4 28. d7 Kg7 29. Rf7+ Kh6 30. Qh3+ Kg5 31. Qg3+ Kh6 32. h4 Qd2 33. Kh2 1-0

[Event "Mitropa Cup 08th"]
[Site "Lienz"]
[Date "1983.10.29"]
[Round "7.3"]
[White "Dueckstein, Andreas"]
[Black "Dizdar, Goran"]
[Result "0-1"]
[WhiteElo "2360"]
[BlackElo "2450"]
[PlyCount "82"]
[EventDate "1983.10.22"]
[EventType "team-tourn"]
[EventRounds "6"]
[EventCountry "AUT"]
[Source "ChessBase"]
[SourceDate "2002.11.25"]

1. e4 c5 2. Nf3 e6 3. c3 d5 4. e5 Ne7 5. d4 b6 6. Bd3 Qd7 7. O-O Ba6 8. Na3
Bxd3 9. Qxd3 Nbc6 10. Nc2 c4 11. Qe2 b5 12. b3 Nc8 13. Ng5 Nb6 14. f4 h6 15.
Nh3 O-O-O 16. Nf2 f5 17. exf6 gxf6 18. Ng4 h5 19. Nge3 f5 20. Rb1 Kb8 21. Ba3
Ka8 22. Bc5 Rb8 23. Bxb6 Rxb6 24. a4 Na5 25. b4 Nb7 26. axb5 Nd6 27. Rf3 Ne4
28. Nf1 Qxb5 29. Nd2 Ra6 30. Nxe4 fxe4 31. Rff1 Bd6 32. f5 Qb8 33. h3 Ra2 34.
fxe6 Qg8 35. Ra1 Rxa1 36. Rxa1 Qg3 37. e7 Qh2+ 38. Kf2 Bxe7 39. Rf1 Bh4+ 40.
Ke3 Bg5+ 41. Kf2 Bh4+ 0-1

[Event "Mitropa Cup 08th"]
[Site "Lienz"]
[Date "1983.10.29"]
[Round "7.4"]
[White "Barlov, Dragan"]
[Black "Kwatschewsky, Leo"]
[Result "1-0"]
[WhiteElo "2385"]
[BlackElo "2260"]
[PlyCount "97"]
[EventDate "1983.10.22"]
[EventType "team-tourn"]
[EventRounds "6"]
[EventCountry "AUT"]
[Source "ChessBase"]
[SourceDate "2002.11.25"]

1. e4 e5 2. Nf3 Nc6 3. Bb5 a6 4. Ba4 Nf6 5. Qe2 d6 6. c3 Bd7 7. O-O Be7 8. Rd1
O-O 9. Bc2 Ne8 10. d3 Bf6 11. Nbd2 Qe7 12. Nf1 g6 13. Ne3 Bg7 14. Nd5 Qd8 15.
d4 Bg4 16. Be3 Ne7 17. dxe5 Nxd5 18. Rxd5 Bxe5 19. h3 Be6 20. Rd2 Qe7 21. Nxe5
dxe5 22. Rad1 Ng7 23. a3 Rfd8 24. f4 Rxd2 25. Qxd2 exf4 26. Bxf4 Re8 27. Qe3
Bc8 28. c4 Ne6 29. Be5 Nc5 30. Bc3 f6 31. Qf4 Kg7 32. Rf1 Nd7 33. Qxc7 Ne5 34.
Qxe7+ Rxe7 35. c5 Be6 36. Rd1 Rc7 37. b4 Kf7 38. Rd8 Rd7 39. Rxd7+ Nxd7 40. Kf2
a5 41. Ke3 axb4 42. axb4 Ke7 43. h4 g5 44. hxg5 fxg5 45. Bd1 Bf7 46. Bg7 h5 47.
Kd4 h4 48. e5 Be6 49. Bh6 1-0

[Event "Mitropa Cup 08th"]
[Site "Lienz"]
[Date "1983.10.29"]
[Round "7.4"]
[White "Wittwer, Moritz"]
[Black "Cladouras, Panagiotis"]
[Result "1/2-1/2"]
[WhiteElo "2350"]
[BlackElo "2290"]
[PlyCount "25"]
[EventDate "1983.10.22"]
[EventType "team-tourn"]
[EventRounds "6"]
[EventCountry "AUT"]
[Source "ChessBase"]
[SourceDate "2002.11.25"]

1. e4 e5 2. Nf3 Nc6 3. Bc4 Bc5 4. Nc3 Nf6 5. d3 h6 6. O-O O-O 7. Be3 Bb6 8. Nd5
d6 9. Nxb6 axb6 10. h3 Be6 11. Bb3 d5 12. exd5 Nxd5 13. Re1 1/2-1/2

[Event "Mitropa Cup 10th"]
[Site "Arandjelovac"]
[Date "1985.??.??"]
[Round "1"]
[White "Belotti, Bruno"]
[Black "Roth, Peter"]
[Result "1-0"]
[WhiteElo "2355"]
[BlackElo "2310"]
[PlyCount "130"]
[EventDate "1985.09.22"]
[EventType "team-tourn"]
[EventRounds "7"]
[EventCountry "YUG"]
[Source "ChessBase"]
[SourceDate "2000.11.22"]

1. e4 d6 2. d4 Nf6 3. Nc3 g6 4. Bg5 c6 5. Qd2 h6 6. Bf4 Nbd7 7. e5 Nh5 8. e6
Ndf6 9. exf7+ Kxf7 10. Be3 Qa5 11. Bc4+ Be6 12. Bxe6+ Kxe6 13. Nge2 Kd7 14. f3
Nd5 15. Nxd5 Qxd2+ 16. Kxd2 cxd5 17. g4 Nf6 18. Nf4 Rg8 19. Nd3 Re8 20. Bf4 g5
21. Bg3 h5 22. h3 Bg7 23. Rhe1 Rh8 24. Nf2 Nh7 25. Kd3 h4 26. Bh2 Rhf8 27. Re3
e5 28. dxe5 dxe5 29. Ke2 e4 30. fxe4 Bd4 31. Rd1 Rxf2+ 32. Kxf2 Bxe3+ 33. Kxe3
Rxe4+ 34. Kf3 Ke6 35. Rd3 Rc4 36. Re3+ Kf7 37. Bd6 Rxc2 38. Re7+ Kg6 39. Rxb7
Nf6 40. Be5 Ne4 41. Rg7+ Kh6 42. Rxa7 Nd2+ 43. Ke3 Nc4+ 44. Kd3 Rd2+ 45. Kc3
Rxb2 46. Ra6+ Kh7 47. Bf6 Rh2 48. Bxg5 Rxh3+ 49. Kd4 Rg3 50. Rh6+ Kg7 51. Rxh4
Nb2 52. Ke5 Nd3+ 53. Kxd5 Nb4+ 54. Ke6 Nxa2 55. Bf4 Rf3 56. Be5+ Kg6 57. Rh8
Nc3 58. Rg8+ Kh7 59. Rg7+ Kh6 60. g5+ Kh5 61. Rg8 Ne4 62. g6 Ng5+ 63. Kd5 Nf7
64. g7 Nh6 65. Rh8 Rg3 1-0

[Event "Mitropa Cup 10th"]
[Site "Arandjelovac"]
[Date "1985.??.??"]
[Round "1"]
[White "Roos, Daniel"]
[Black "Brunner, Lucas"]
[Result "1-0"]
[WhiteElo "2330"]
[BlackElo "2395"]
[PlyCount "67"]
[EventDate "1985.09.22"]
[EventType "team-tourn"]
[EventRounds "7"]
[EventCountry "YUG"]
[Source "ChessBase"]
[SourceDate "2000.11.22"]

1. Nf3 Nf6 2. g3 d5 3. Bg2 c6 4. d3 Bg4 5. Nbd2 Nbd7 6. O-O e5 7. e4 dxe4 8.
dxe4 Bc5 9. h3 Bh5 10. c3 a5 11. Qc2 O-O 12. Nc4 Qc7 13. a4 Rfe8 14. Nh4 b5 15.
axb5 cxb5 16. Ne3 Bf8 17. g4 Bg6 18. Nxg6 hxg6 19. Rd1 Qb7 20. g5 Nh5 21. Nd5
Nc5 22. Be3 Ra6 23. b4 axb4 24. cxb4 Ne6 25. Rxa6 Qxa6 26. Qb2 Bd6 27. Ra1 Qc6
28. Bf1 Nhf4 29. Ra5 Nxg5 30. Bxb5 Qc8 31. Nxf4 exf4 32. Bxe8 Qxh3 33. Rxg5 f3
34. e5 1-0

[Event "Mitropa Cup 10th"]
[Site "Arandjelovac"]
[Date "1985.??.??"]
[Round "1"]
[White "Schuh, Hubert"]
[Black "Birmingham, Eric"]
[Result "1/2-1/2"]
[WhiteElo "2300"]
[BlackElo "2340"]
[PlyCount "78"]
[EventDate "1985.09.22"]
[EventType "team-tourn"]
[EventRounds "7"]
[EventCountry "YUG"]
[Source "ChessBase"]
[SourceDate "2000.11.22"]

1. c4 c5 2. Nc3 Nf6 3. g3 Nc6 4. Bg2 e6 5. Nf3 Be7 6. O-O O-O 7. d4 d5 8. cxd5
exd5 9. Bf4 Bg4 10. dxc5 Bxc5 11. Rc1 Re8 12. h3 Be6 13. Nb5 Qb6 14. Nc7 Ne4
15. Rxc5 Qxc5 16. Nxa8 Rxa8 17. Ne5 Qb5 18. Nxc6 bxc6 19. Qc2 Bf5 20. Qc1 h6
21. h4 Nc5 22. Re1 Ne6 23. e4 dxe4 24. Bxe4 Nd4 25. Qc3 Rd8 26. Kh2 Bxe4 27.
Rxe4 Qf1 28. Qe3 Ne6 29. Qe2 Qb1 30. Bxh6 Rd1 31. Bf4 c5 32. Rxe6 fxe6 33.
Qxe6+ Kh7 34. Be3 Rh1+ 35. Kg2 Qf1+ 36. Kf3 Qd1+ 37. Kg2 Qf1+ 38. Kf3 Qd1+ 39.
Kg2 Qf1+ 1/2-1/2

[Event "Mitropa Cup 10th"]
[Site "Arandjelovac"]
[Date "1985.??.??"]
[Round "1"]
[White "Schulz, Klaus Juergen"]
[Black "Miralles, Gilles"]
[Result "0-1"]
[WhiteElo "2370"]
[BlackElo "2370"]
[PlyCount "60"]
[EventDate "1985.09.22"]
[EventType "team-tourn"]
[EventRounds "7"]
[EventCountry "YUG"]
[Source "ChessBase"]
[SourceDate "2000.11.22"]

1. c4 e5 2. Nc3 Nf6 3. Nf3 Nc6 4. e3 Bb4 5. Nd5 e4 6. Ng1 O-O 7. a3 Bd6 8. Ne2
Ne5 9. Nec3 Nxd5 10. cxd5 f5 11. d3 Qh4 12. d4 Ng4 13. g3 Qg5 14. Be2 b6 15.
Bd2 Bb7 16. Bc4 Kh8 17. Qe2 c6 18. dxc6 dxc6 19. O-O-O b5 20. Bb3 a5 21. h3 Nf6
22. Kb1 Ba6 23. Qe1 b4 24. axb4 axb4 25. Na2 Bd3+ 26. Ka1 Nd5 27. Bc1 Bb5 28.
Qd2 Ra6 29. Qc2 Rfa8 30. Kb1 Qe7 0-1

[Event "Mitropa Cup 10th"]
[Site "Arandjelovac"]
[Date "1985.??.??"]
[Round "1"]
[White "Sharif, Mershad"]
[Black "Fleck, Juergen"]
[Result "1/2-1/2"]
[WhiteElo "2430"]
[BlackElo "2390"]
[PlyCount "37"]
[EventDate "1985.09.22"]
[EventType "team-tourn"]
[EventRounds "7"]
[EventCountry "YUG"]
[Source "ChessBase"]
[SourceDate "2000.11.22"]

1. e4 Nf6 2. e5 Nd5 3. d4 d6 4. Nf3 Nc6 5. c4 Nb6 6. exd6 exd6 7. Be2 Be7 8.
O-O O-O 9. h3 Bf6 10. Nc3 Bf5 11. d5 Bxc3 12. dxc6 Bf6 13. cxb7 Rb8 14. Nd4 Be4
15. Nb3 Bxb7 16. Bd3 Qd7 17. Na5 Ba8 18. Bc2 Rfe8 19. Rb1 1/2-1/2

[Event "Mitropa Cup 10th"]
[Site "Arandjelovac"]
[Date "1985.??.??"]
[Round "1"]
[White "Stull, Norbert"]
[Black "Djuric, Stefan"]
[Result "0-1"]
[WhiteElo "2205"]
[BlackElo "2485"]
[PlyCount "90"]
[EventDate "1985.09.22"]
[EventType "team-tourn"]
[EventRounds "7"]
[EventCountry "YUG"]
[Source "ChessBase"]
[SourceDate "2000.11.22"]

1. d4 Nf6 2. c4 g6 3. Nc3 Bg7 4. e4 d6 5. Be2 O-O 6. Bg5 c5 7. d5 Qa5 8. Bd2 e6
9. Nf3 Re8 10. O-O e5 11. a3 Qd8 12. b4 $6 (12. Ne1 $1) 12... Na6 13. Rb1 Nh5
14. Ne1 Nf4 15. Nd3 f5 16. f3 Nxd3 17. Bxd3 f4 18. Na4 Bd7 19. b5 Nb8 20. Nb2
Bf6 21. a4 Bh4 22. a5 Bc8 23. Qe2 Nd7 24. Nd1 Nf6 25. Nf2 Nh5 26. Nh1 Rf8 27.
Be1 Bxe1 28. Qxe1 Rf7 29. Rf2 Bd7 30. b6 a6 31. Ra2 Qe7 32. Bc2 Raf8 33. Ba4
Bc8 34. Rab2 Rg7 35. Nf2 g5 36. Ng4 Nf6 37. Nxf6+ Qxf6 38. Kh1 g4 39. fxg4 Bxg4
40. Rf2 Kh8 41. Bd1 Rfg8 42. Rb3 Bxd1 43. Qxd1 Qh4 44. Kg1 $4 (44. Rbf3 $13)
44... Qxf2+ 45. Kxf2 Rxg2+ 0-1

[Event "Mitropa Cup 10th"]
[Site "Arandjelovac"]
[Date "1985.??.??"]
[Round "1"]
[White "Titz, Heimo"]
[Black "Mantovani, Renzo"]
[Result "1-0"]
[WhiteElo "2330"]
[BlackElo "2300"]
[PlyCount "115"]
[EventDate "1985.09.22"]
[EventType "team-tourn"]
[EventRounds "7"]
[EventCountry "YUG"]
[Source "ChessBase"]
[SourceDate "2000.11.22"]

1. c4 e5 2. Nc3 d6 3. d4 exd4 4. Qxd4 Nc6 5. Qd2 Be6 6. b3 Nf6 7. e4 g6 8. Bb2
Bg7 9. g3 O-O 10. Bg2 Re8 11. Nge2 Qd7 12. O-O Bh3 13. f3 Bxg2 14. Kxg2 Ne5 15.
Rad1 Rad8 16. h3 Qc8 17. Rfe1 c6 18. Nd4 d5 19. cxd5 cxd5 20. f4 Nc6 21. e5 Ne4
22. Nxe4 dxe4 23. Qe3 f5 24. exf6 Bxf6 25. Nxc6 Qxc6 26. Bxf6 Rxd1 27. Rxd1
Qxf6 28. Rd7 Qc6 29. Rd4 Qc2+ 30. Rd2 Qc6 31. g4 b6 32. Kg3 Qc1 33. Re2 Qxe3+
34. Rxe3 Kf7 35. Kf2 Kf6 36. Rc3 Rd8 37. Ke3 Rd1 38. Rc6+ Ke7 39. Rc7+ Kd6 40.
Rxh7 Re1+ 41. Kf2 Rh1 42. Kg2 e3 43. Kf3 Rh2 44. Kxe3 Rxa2 45. Rg7 Ra3 46. Kd4
Rxb3 47. Rxg6+ Ke7 48. Rg7+ Kf6 49. Rxa7 Rxh3 50. Rc7 b5 51. Rc6+ Kf7 52. Ke5
b4 53. Rc7+ Kg6 54. f5+ Kh6 55. Kf4 Rh4 56. Rb7 b3 57. Rxb3 Kg7 58. Kg5 1-0

[Event "Mitropa Cup 10th"]
[Site "Arandjelovac"]
[Date "1985.??.??"]
[Round "1"]
[White "Wittmann, Walter"]
[Black "Messa, Roberto"]
[Result "1-0"]
[WhiteElo "2385"]
[BlackElo "2385"]
[PlyCount "80"]
[EventDate "1985.09.22"]
[EventType "team-tourn"]
[EventRounds "7"]
[EventCountry "YUG"]
[Source "ChessBase"]
[SourceDate "2000.11.22"]

1. e4 e6 2. d4 d5 3. Nc3 Bb4 4. exd5 exd5 5. Bd3 Nc6 6. Nge2 Nge7 7. O-O Bf5 8.
Ng3 Bxd3 9. Qxd3 Qd7 10. f4 f5 11. Nce2 O-O 12. a3 Ba5 13. b3 Rae8 14. Kh1 Nc8
15. c4 dxc4 16. bxc4 Nd6 17. d5 Ne4 18. Qb3 Nd8 19. Nxe4 fxe4 20. Be3 Kh8 21.
Rad1 b6 22. Bd4 Nb7 23. Be5 Nc5 24. Qe3 Rf7 25. Ng3 Kg8 26. Nxe4 Nxe4 27. Qxe4
Bc3 28. Qe3 Bb2 29. Qg3 Bxe5 30. fxe5 Ref8 31. Rxf7 Qxf7 32. Qe1 Qh5 33. e6 Re8
34. h3 h6 35. Rd4 Kh8 36. Qg3 a5 37. Qxc7 Qe2 38. Rg4 Rg8 39. Qxb6 h5 40. Rf4
Qe1+ 1-0

[Event "Mitropa Cup 10th"]
[Site "Arandjelovac"]
[Date "1985.??.??"]
[Round "2"]
[White "Birmingham, Eric"]
[Black "Hofmann, Michael"]
[Result "1-0"]
[WhiteElo "2340"]
[BlackElo "2210"]
[PlyCount "83"]
[EventDate "1985.09.22"]
[EventType "team-tourn"]
[EventRounds "7"]
[EventCountry "YUG"]
[Source "ChessBase"]
[SourceDate "2000.11.22"]

1. e4 c6 2. d4 d5 3. exd5 cxd5 4. Bd3 Nf6 5. c3 Bg4 6. Qa4+ Nbd7 7. Nd2 e6 8.
Ndf3 Bd6 9. Ne5 Bh5 10. Bg5 O-O 11. f4 Qc7 12. Ngf3 Bxf3 13. gxf3 Bxe5 14. fxe5
Nxe5 15. Be2 Ng6 16. O-O-O Nh5 17. Bd3 Ngf4 18. Qc2 h6 19. Bxf4 Nxf4 20. Rdg1
g6 21. Rg4 h5 22. Rg3 Kg7 23. Rhg1 Nxd3+ 24. Qxd3 Qf4+ 25. Kd1 Qf5 26. Qd2 h4
27. Rg4 Qxf3+ 28. Kc1 Qf6 29. Rf4 Qe7 30. Qe1 Rh8 31. Qe5+ f6 32. Qe1 f5 $2 33.
Rxf5 Raf8 34. Rxd5 Rf6 35. Rdg5 Rh6 36. Qe5 Qf7 37. Rf1 Rh8 38. Rg4 Rh5 $2 39.
Rxf6 Qxf6 40. Qxh5 Qf1+ 41. Kc2 Qe2+ 42. Kb3 1-0

[Event "Mitropa Cup 10th"]
[Site "Arandjelovac"]
[Date "1985.??.??"]
[Round "2"]
[White "Brunner, Lucas"]
[Black "Titz, Heimo"]
[Result "1/2-1/2"]
[WhiteElo "2395"]
[BlackElo "2330"]
[PlyCount "82"]
[EventDate "1985.09.22"]
[EventType "team-tourn"]
[EventRounds "7"]
[EventCountry "YUG"]
[Source "ChessBase"]
[SourceDate "2000.11.22"]

1. Nf3 Nf6 2. c4 e6 3. g3 b6 4. Bg2 Bb7 5. O-O Be7 6. d4 O-O 7. Nc3 Ne4 8. Qc2
Nxc3 9. Qxc3 d6 10. Qc2 Qc8 11. e4 Nd7 12. Re1 c5 13. d5 Bf6 14. Bf4 Qc7 15.
Rad1 Ne5 16. Bxe5 Bxe5 17. Nxe5 dxe5 18. Bh3 exd5 19. exd5 Qd6 20. Qe4 Rfe8 21.
f4 f6 22. Rd2 Bc8 23. Bxc8 Raxc8 24. Rde2 Rc7 25. Qf5 g6 26. Qe4 Rce7 27. Kf2
Qd7 28. Qf3 exf4 29. Qxf4 Rxe2+ 30. Rxe2 Rxe2+ 31. Kxe2 Kf7 32. b3 Kg7 33. Kd2
h5 34. h4 Qe7 35. Qb8 Kf7 36. Qh8 Qe4 37. Qh7+ Kf8 38. Qxa7 Qd4+ 39. Kc1 Qc3+
40. Kb1 Qd3+ 41. Kb2 Qd2+ 1/2-1/2

[Event "Mitropa Cup 10th"]
[Site "Arandjelovac"]
[Date "1985.??.??"]
[Round "2"]
[White "Fleck, Juergen"]
[Black "Wittmann, Walter"]
[Result "1/2-1/2"]
[WhiteElo "2390"]
[BlackElo "2385"]
[PlyCount "43"]
[EventDate "1985.09.22"]
[EventType "team-tourn"]
[EventRounds "7"]
[EventCountry "YUG"]
[Source "ChessBase"]
[SourceDate "2000.11.22"]

1. e4 c5 2. Nf3 Nc6 3. d4 cxd4 4. Nxd4 e5 5. Nb5 d6 6. Be3 Nf6 7. N1c3 a6 8.
Na3 Be7 9. Nc4 b5 10. Nb6 Rb8 11. Nbd5 O-O 12. Be2 Nxd5 13. Nxd5 Bg5 14. O-O
Bxe3 15. Nxe3 Nd4 16. Bg4 Bb7 17. c3 Ne6 18. Nd5 Qg5 19. g3 Bxd5 20. h4 Qe7 21.
Qxd5 Nc5 22. Rfd1 1/2-1/2

[Event "Mitropa Cup 10th"]
[Site "Arandjelovac"]
[Date "1985.??.??"]
[Round "2"]
[White "Miralles, Gilles"]
[Black "Zueger, Beat"]
[Result "0-1"]
[WhiteElo "2370"]
[BlackElo "2435"]
[PlyCount "96"]
[EventDate "1985.09.22"]
[EventType "team-tourn"]
[EventRounds "7"]
[EventCountry "YUG"]
[Source "ChessBase"]
[SourceDate "2000.11.22"]

1. d4 Nf6 2. c4 g6 3. Nc3 Bg7 4. e4 d6 5. f3 a6 6. Be3 O-O 7. Qd2 Nc6 8. Nge2
Rb8 9. h4 h5 10. Bh6 b5 11. Bxg7 Kxg7 12. O-O-O e5 13. cxb5 axb5 14. dxe5 Nxe5
15. Nf4 b4 16. Ncd5 c5 17. Nxf6 Qxf6 18. Nd5 Qe6 19. f4 Ng4 20. f5 Qxe4 21. f6+
Nxf6 22. Nxf6 Kxf6 23. Bd3 Qg4 24. Rdf1+ Kg7 25. Rf4 Qg3 26. Rhf1 Bb7 27. Bc4
f5 28. Qxd6 Qe3+ 29. Kb1 Rbe8 30. R4f2 Rf6 31. Qc7+ Re7 32. Qd8 Rf8 33. Qd6 Rf6
34. Qd8 Qe4+ 35. Bd3 Qxd3+ 36. Qxd3 Be4 37. Qxe4 Rxe4 38. Rc2 c4 39. g3 Rd6 40.
Rfc1 Rdd4 41. a4 f4 42. gxf4 Rxf4 43. a5 Rxh4 44. a6 Rd6 45. Rxc4 Rxc4 46. Rxc4
Rxa6 47. Rxb4 Rc6 48. Rd4 g5 0-1

[Event "Mitropa Cup 10th"]
[Site "Arandjelovac"]
[Date "1985.??.??"]
[Round "2"]
[White "Roth, Peter"]
[Black "Schulz, Klaus Juergen"]
[Result "1-0"]
[WhiteElo "2310"]
[BlackElo "2370"]
[PlyCount "57"]
[EventDate "1985.09.22"]
[EventType "team-tourn"]
[EventRounds "7"]
[EventCountry "YUG"]
[Source "ChessBase"]
[SourceDate "2000.11.22"]

1. e4 c5 2. Nc3 e6 3. Nf3 a6 4. d4 cxd4 5. Nxd4 Qc7 6. g3 b5 7. Bg2 Bb7 8. O-O
Nf6 9. Re1 d6 10. Bg5 Nbd7 11. a4 bxa4 12. Nd5 exd5 13. exd5+ Kd8 14. Qe2 Qb6
15. Rxa4 Rc8 16. c3 a5 17. Nb5 Ne5 18. Be3 Qa6 19. c4 Ba8 20. f4 Ned7 21. b4
Qb7 22. Rxa5 Nb6 23. Ra7 Qb8 24. Bd4 Nbd7 25. Bh3 Bb7 26. Qe3 Rxc4 27. Bb6+
Nxb6 28. Qxb6+ Rc7 29. Ra8 1-0